| 000 | 00449nam a2200145Ia 4500 | ||
|---|---|---|---|
| 008 | 210210b1974 xxu||||| |||| 00| 0 eng d | ||
| 082 | _a331.11 HARE | ||
| 100 | _aHARBISON (Frederick) & MYERS (C A). | ||
| 245 | _aEducation, manpower & economic growth. | ||
| 260 |
_aBombay _bOxford & IBH publishing Co. _c1974 |
||
| 300 | _axii,229 | ||
| 650 | _aEducation & manpower Manpower & economic growth | ||
| 690 | _aLabour Economics | ||
| 906 | _aSG00775 | ||
| 999 |
_c112350 _d112350 |
||